| 000 | 00694nam a2200205 a 4500 | ||
|---|---|---|---|
| 001 | 000010148 | ||
| 005 | 20240412074215.0 | ||
| 008 | 091005s200u dr r 000 p spa d | ||
| 040 |
_aDO-SdBNP _bspa _cBNPHU |
||
| 082 |
_aRD861.44 _bC322p |
||
| 100 | 1 |
_aCartagena, Francisco, _d1972- _925142 |
|
| 245 | 1 | 0 |
_aPolvo de estrellas : _bcantos a la humanidad / _cFrancisco Cartagena ; prólogo Marcial Almonte. |
| 260 |
_aSanto Domingo : _b[s.n.], _c[200?]. |
||
| 300 |
_a70 p. ; _c18 cm. |
||
| 590 | _aInventariado, 2018/BT | ||
| 650 | 0 |
_aPoesía dominicana _966 |
|
| 650 | 0 |
_aLiteratura dominicana. _967 |
|
| 700 | 1 |
_aAlmonte, Marcial, _epról. _925143 |
|
| 910 | _aValidado. Control de calidad. MMOLINA | ||
| 999 |
_c9907 _d9907 |
||